LEADER 01124nam a2200277 i 4500 001 991004183159707536 005 20020506115102.0 008 950110s1953 it ||| | ita 035 $ab10622251-39ule_inst 035 $aEXGIL135522$9ExL 040 $aBiblioteca Interfacoltà$bita 110 2 $aMuseo nazionale romano$0172754 245 12$aI ritratti /$cMuseo nazionale romano ; [a cura di] Bianca Maria Felletti Maj 260 $aRoma :$bLa libreria dello Stato,$c1953 300 $a178 p., [51] c. di tav. ;$c27 cm. 490 0 $aCataloghi dei musei e gallerie d'Italia 500 $aIn testa al front.: Ministero della pubblica istruzione. Direzione generale delle antichità e belle arti. 650 4$aRitratti$xCataloghi 650 4$aRoma - Museo nazionale romano 700 1 $aFelletti Maj, Bianca Maria 907 $a.b10622251$b23-02-17$c28-06-02 912 $a991004183159707536 945 $aLE002 Fondo Brown 415$g1$iLE002-6486N$lle002$o-$pE0.00$q-$rn$so $t0$u0$v0$w0$x0$y.i10709332$z28-06-02 996 $aRitratti$9234894 997 $aUNISALENTO 998 $ale002$b01-01-95$cm$da $e-$fita$git $h2$i1 LEADER 01264nam a2200361 i 4500 001 991000772539707536 005 20020507173408.0 008 940525s1984 us ||| | eng 020 $a0387960376 035 $ab10755147-39ule_inst 035 $aLE01302086$9ExL 040 $aDip.to Matematica$beng 082 0 $a510 084 $aAMS 73D05 084 $aAMS 76L05 084 $aAMS 76N 084 $aLC QA1.A647 100 1 $aMajda, Andrew J.$0477021 245 10$aCompressible fluid flow and systems of conservation laws in several space variables /$cA. Majda 260 $aNew York :$bSpringer-Verlag,$cc1984 300 $aviii, 159 p. ;$c24 cm 490 0 $aApplied mathematical sciences ;$v53 500 $aIncludes bibliographies and index 650 4$aCompressibility 650 4$aConservation laws 650 4$aFluid dynamics 650 4$aVariables 907 $a.b10755147$b23-02-17$c28-06-02 912 $a991000772539707536 945 $aLE013 76N MAJ11 (1984)$g1$i2013000123080$lle013$o-$pE0.00$q-$rl$s- $t0$u0$v0$w0$x0$y.i10849348$z28-06-02 996 $aCompressible fluid flow and systems of conservation laws in several space variables$9911308 997 $aUNISALENTO 998 $ale013$b01-01-94$cm$da $e-$feng$gus $h0$i1